[Event "Superbet CRO Blitz 2024"]
[Site "Zagreb CRO"]
[Date "2024.07.13"]
[Round "8.4"]
[White "Nepomniachtchi, Ian"]
[Black "Aronian, Levon"]
[Result "0-1"]
[WhiteTitle "GM"]
[BlackTitle "GM"]
[WhiteElo "2770"]
[BlackElo "2729"]
[WhiteFideId "4168119"]
[BlackFideId "13300474"]
[EventDate "2024.07.13"]

1. e4 c5 2. Nf3 d6 3. d4 cxd4 4. Nxd4 Nf6 5. Bc4 e6 6. Bd3 Nc6 7. Nxc6 bxc6 8.
O-O Be7 9. c4 e5 10. Nc3 O-O 11. Be3 Be6 12. Qe2 a5 13. Rfd1 Qb8 14. b3 h6 15.
h3 Rd8 16. Rac1 Nd7 17. Qd2 Nc5 18. Be2 Qb4 19. Qc2 Bg5 20. Bxg5 hxg5 21. Rb1 a4
22. bxa4 Qa5 23. Qc1 Nxa4 24. Nxa4 Qxa4 25. Rb2 Qa3 26. Rd3 Qa5 27. Qxg5 Qe1+
28. Kh2 Rab8 29. Rg3 g6 30. Bh5 Qxe4 31. Re2 Qf4 32. Qe7 Rd7 33. Qg5 Qxg5 34.
Rxg5 Bxc4 35. Rc2 Bd5 36. Rg3 Ra7 37. a3 Rb3 38. Rxb3 Bxb3 39. Rc3 gxh5 40. Rxb3
d5 41. Rb6 Rxa3 42. Rxc6 Kg7 43. Rd6 d4 44. g4 hxg4 45. hxg4 f6 46. f4 Rf3 47.
fxe5 fxe5 48. Kg2 Rf4 49. g5 Rg4+ 50. Kf3 Rxg5 51. Ke4 Kf7 52. Ra6 Rg6 53. Ra7+
Kf6 54. Ra6+ Kg5 55. Ra8 Re6 56. Rf8 Kg6 57. Rf1 Kg7 58. Rf2 Rf6 59. Ra2 Re6 60.
Rf2 Re7 61. Rf5 Kg6 62. Rf1 Rf7 63. Rg1+ Kf6 64. Ra1 Re7 65. Ra6+ Re6 66. Ra8
Rd6 67. Rf8+ Ke6 68. Re8+ Kd7 69. Rh8 d3 70. Rh1 d2 71. Rd1 Kc6 72. Kxe5 Kc5 73.
Ke4 Kc4 0-1

[Event "Superbet CRO Blitz 2024"]
[Site "Zagreb CRO"]
[Date "2024.07.13"]
[Round "8.5"]
[White "Vidit, Santosh Gujrathi"]
[Black "Firouzja, Alireza"]
[Result "1-0"]
[WhiteTitle "GM"]
[BlackTitle "GM"]
[WhiteElo "2720"]
[BlackElo "2744"]
[WhiteFideId "5029465"]
[BlackFideId "12573981"]
[EventDate "2024.07.13"]

1. e4 c5 2. Nf3 d6 3. Bb5+ Nd7 4. d4 cxd4 5. Nxd4 Nf6 6. Bd3 Qb6 7. Nb3 g6 8. c4
Bg7 9. Nc3 Ne5 10. Be2 Be6 11. Be3 Qc7 12. Nd2 O-O 13. Rc1 Nfg4 14. Bg5 Qc5 15.
Bh4 Nf6 16. O-O Rac8 17. b3 Qa5 18. h3 Nc6 19. f4 Nd7 20. Ndb1 Rfe8 21. Kh1 f5
22. exf5 Bxf5 23. Bg4 Nc5 24. Bxf5 gxf5 25. a3 Ne4 26. Nxe4 fxe4 27. Qg4 Rf8 28.
Qe6+ Kh8 29. Qxe4 Qh5 30. Bg3 Nd4 31. Qd3 b5 32. cxb5 Qxb5 33. Qxb5 Nxb5 34. a4
Nd4 35. Bf2 Nxb3 36. Rxc8 Rxc8 37. Bxa7 Ra8 38. Be3 Rxa4 39. Nd2 Na5 40. Nf3 Kg8
41. g3 Nc4 42. Bf2 Ra3 43. Kg2 Ra2 44. Re1 d5 45. Kf1 Bf6 46. g4 Kf7 47. Re2 Ra3
48. Kg2 Ra4 49. h4 Nd6 50. Bg3 Ne4 51. g5 Bg7 52. f5 Ra3 53. Bf4 Ra4 54. h5 Nc5
55. Be5 Bf8 56. g6+ Kg8 57. Kh3 Ne4 58. Rc2 Rc4 59. Ra2 Rc8 60. Kg4 Rc4 61. Kh3
Rc8 62. Ra5 Nc5 63. Ng5 hxg6 64. fxg6 Nd7 65. Rxd5 Nb6 66. Rb5 Nc4 67. Bf4 Rc6
68. Rb8 e5 69. Bg3 Kg7 70. Rb7+ Kg8 71. Rb8 Kg7 72. Kg4 Rf6 73. Rb7+ Kg8 74. Ne4
Ne3+ 75. Kh3 Rf5 76. Bh4 Nd5 77. Bg5 Rf1 78. Kg4 Rg1+ 79. Kf5 Rf1+ 80. Ke6 Nf4+
81. Bxf4 1-0

[Event "Superbet CRO Blitz 2024"]
[Site "Zagreb CRO"]
[Date "2024.07.13"]
[Round "9.1"]
[White "Vachier-Lagrave, Maxime"]
[Black "Vidit, Santosh Gujrathi"]
[Result "1-0"]
[WhiteTitle "GM"]
[BlackTitle "GM"]
[WhiteElo "2718"]
[BlackElo "2720"]
[WhiteFideId "623539"]
[BlackFideId "5029465"]
[EventDate "2024.07.13"]

1. Nf3 Nf6 2. c4 c5 3. g3 Nc6 4. Bg2 d5 5. cxd5 Nxd5 6. Nc3 Nc7 7. O-O e5 8. e3
Be7 9. d3 O-O 10. b3 Bf5 11. Ne4 Qd7 12. Bb2 f6 13. Rc1 b6 14. Nh4 Bg4 15. Nxc5
Bxc5 16. Bxc6 Bxd1 17. Bxd7 Be2 18. b4 Rad8 19. Ba4 Bxf1 20. Kxf1 Bd6 21. Nf5
Ne8 22. a3 g6 23. Bb3+ Kh8 24. Nxd6 Nxd6 25. Rc6 Rfe8 26. Ke2 Re7 27. a4 Kg7 28.
f4 e4 29. dxe4 Nxe4 30. Rc2 Nd6 31. g4 h6 32. h4 Ne4 33. g5 hxg5 34. hxg5 Red7
35. gxf6+ Nxf6 36. Be6 Re7 37. Rc6 Rf8 38. Bd5 Ree8 39. Kf3 Rd8 40. e4 Rd7 41.
a5 bxa5 42. bxa5 Rdd8 43. a6 Rb8 44. Be5 Rb1 45. Bc4 Rc1 46. Ke2 Rc2+ 47. Kd3
Rc1 48. Kd2 Rh1 49. Bd5 Rh2+ 50. Kd3 Rh3+ 51. Kc4 Ra3 52. Bd6 Nxd5 1-0

[Event "Superbet CRO Blitz 2024"]
[Site "Zagreb CRO"]
[Date "2024.07.13"]
[Round "9.2"]
[White "So, Wesley"]
[Black "Nepomniachtchi, Ian"]
[Result "1-0"]
[WhiteTitle "GM"]
[BlackTitle "GM"]
[WhiteElo "2757"]
[BlackElo "2770"]
[WhiteFideId "5202213"]
[BlackFideId "4168119"]
[EventDate "2024.07.13"]

1. e4 c5 2. Nf3 d6 3. Bb5+ Bd7 4. c4 Nc6 5. Nc3 e5 6. d3 Nge7 7. h4 Ng8 8. Nd5
Be7 9. Rb1 Nf6 10. O-O O-O 11. Bxc6 bxc6 12. Nxe7+ Qxe7 13. Nh2 h6 14. f4 d5 15.
fxe5 Qxe5 16. Nf3 Qe7 17. exd5 cxd5 18. Bf4 Bf5 19. Rc1 Rfe8 20. Re1 Qb7 21.
Rxe8+ Rxe8 22. b3 d4 23. Qd2 Ng4 24. Re1 Rxe1+ 25. Nxe1 Qe7 26. Nf3 f6 27. Qe1
Qd8 28. Qe2 g5 29. hxg5 hxg5 30. Bg3 Kf7 31. Nh2 Nh6 32. Nf3 Kg6 33. Be1 a5 34.
a3 Ng4 35. b4 cxb4 36. axb4 a4 37. b5 a3 38. Bb4 Qa8 39. Qa2 Qe8 40. Qxa3 Qe3+
41. Kh1 Qe2 42. Qc1 Ne3 43. Qd2 Qf1+ 44. Kh2 Bxd3 45. b6 Be4 46. Bd6 Bxf3 47.
gxf3 Qxf3 48. Qb2 d3 49. b7 d2 50. Qxd2 Nf1+ 51. Kg1 Nxd2 52. b8=Q Qf1+ 53. Kh2
Qe2+ 54. Kh1 Qe4+ 55. Kg1 Nxc4 56. Qg8+ Kh5 57. Qf7+ Kg4 58. Qxf6 Qe1+ 1-0

[Event "Superbet CRO Blitz 2024"]
[Site "Zagreb CRO"]
[Date "2024.07.13"]
[Round "9.3"]
[White "Aronian, Levon"]
[Black "Caruana, Fabiano"]
[Result "0-1"]
[WhiteTitle "GM"]
[BlackTitle "GM"]
[WhiteElo "2729"]
[BlackElo "2796"]
[WhiteFideId "13300474"]
[BlackFideId "2020009"]
[EventDate "2024.07.13"]

1. e4 e5 2. Bc4 Nf6 3. d3 Bc5 4. Nc3 O-O 5. h3 c6 6. Qf3 b5 7. Bb3 a5 8. a3 d6
9. Nge2 Be6 10. Ng3 Nbd7 11. Nf5 Bxb3 12. cxb3 Re8 13. Bg5 Re6 14. O-O Nf8 15.
Ne2 h6 16. Bd2 Ng6 17. Rac1 Rc8 18. Neg3 Bb6 19. Kh1 d5 20. Rc2 dxe4 21. dxe4
Bd4 22. b4 axb4 23. axb4 c5 24. bxc5 Rxc5 25. Rfc1 Rxc2 26. Rxc2 Qd7 27. Bb4 Rc6
28. Rd2 Rc4 29. Bc3 Kh7 30. Ne2 Qc6 31. Nexd4 exd4 32. Rxd4 Nxe4 33. Ne3 Rxd4
34. Bxd4 Qc1+ 35. Kh2 Qc7+ 36. g3 Ng5 37. Qf5 Qc6 38. Bc3 Nf3+ 39. Kh1 b4 40.
Qxf7 bxc3 41. bxc3 Ng5+ 42. Qd5 Qxc3 43. h4 Nh3 44. Qg2 Qe1+ 45. Kh2 Nxf2 46. h5
Qxe3 47. hxg6+ Kxg6 48. Qc6+ Kh7 49. Qd5 Ng4+ 50. Kh3 Ne5 0-1

[Event "Superbet CRO Blitz 2024"]
[Site "Zagreb CRO"]
[Date "2024.07.13"]
[Round "9.4"]
[White "Firouzja, Alireza"]
[Black "Saric, Ivan"]
[Result "1-0"]
[WhiteTitle "GM"]
[BlackTitle "GM"]
[WhiteElo "2744"]
[BlackElo "2690"]
[WhiteFideId "12573981"]
[BlackFideId "14508150"]
[EventDate "2024.07.13"]

1. d4 Nf6 2. c4 e6 3. Nc3 Bb4 4. a3 Bxc3+ 5. bxc3 b6 6. f3 Nc6 7. e4 Ba6 8. Bg5
h6 9. Bh4 Na5 10. e5 g5 11. Bf2 Nh5 12. h4 Qe7 13. hxg5 Qxg5 14. Nh3 Qg8 15. g4
Ng7 16. Nf4 h5 17. gxh5 Nf5 18. Rg1 Qh7 19. Bd3 Bxc4 20. Bxc4 Nxc4 21. Qd3 Qh6
22. Rg4 d5 23. Nxd5 O-O-O 24. Qxc4 Rxd5 25. Ke2 Qxh5 26. Rag1 Kb7 27. Qd3 Rdd8
28. Qe4+ Kb8 29. a4 a5 30. c4 Qh2 31. R4g2 Qh6 32. d5 Qf8 33. d6 Nxd6 34. exd6
Qxd6 35. Be3 Qa3 36. Qc2 Rh5 37. Rg8 Rh2+ 38. Bf2 Rxg8 39. Rxg8+ Ka7 40. c5 Qxc5
41. Qxc5 bxc5 42. Rg7 Kb7 43. Rxf7 c4 44. Rf4 c3 45. Rc4 1-0

[Event "Superbet CRO Blitz 2024"]
[Site "Zagreb CRO"]
[Date "2024.07.13"]
[Round "9.5"]
[White "Giri, Anish"]
[Black "Gukesh, D"]
[Result "1-0"]
[WhiteTitle "GM"]
[BlackTitle "GM"]
[WhiteElo "2745"]
[BlackElo "2763"]
[WhiteFideId "24116068"]
[BlackFideId "46616543"]
[EventDate "2024.07.13"]

1. Nf3 d5 2. d4 Nf6 3. c4 dxc4 4. e3 e6 5. Bxc4 a6 6. O-O Be7 7. Qe2 b5 8. Bd3
Nbd7 9. a4 b4 10. e4 c5 11. d5 exd5 12. e5 Ne4 13. Bxe4 dxe4 14. Qxe4 Nb6 15. a5
Nd5 16. Rd1 Be6 17. Nbd2 Nc7 18. Qe1 O-O 19. Ne4 Qe8 20. Bg5 h6 21. Bxe7 Qxe7
22. Rac1 c4 23. Nd6 c3 24. bxc3 bxc3 25. Qxc3 Nb5 26. Qc5 Rfb8 27. h3 Nxd6 28.
exd6 Qd8 29. Nd4 Bd7 30. Qc7 Ba4 31. Nc6 Bxc6 32. Rxc6 Qg5 33. d7 Rd8 34. Qb6
Kh7 35. Qb3 Qh5 36. Qc2+ g6 37. Rc5 Qh4 38. Rc8 Qe7 39. Rxa8 Rxa8 40. Qc8 Qd8
41. Qxa8 1-0

[Event "Superbet CRO Blitz 2024"]
[Site "Zagreb CRO"]
[Date "2024.07.14"]
[Round "10.1"]
[White "Nepomniachtchi, Ian"]
[Black "Caruana, Fabiano"]
[Result "0-1"]
[WhiteTitle "GM"]
[BlackTitle "GM"]
[WhiteElo "2770"]
[BlackElo "2796"]
[WhiteFideId "4168119"]
[BlackFideId "2020009"]
[EventDate "2024.07.13"]

1. e4 e5 2. d4 exd4 3. Qxd4 Nc6 4. Qe3 Nf6 5. Nc3 Bb4 6. Bd2 O-O 7. O-O-O Re8 8.
Bc4 d6 9. Nf3 Be6 10. Bxe6 Rxe6 11. Ng5 Re8 12. a3 Bxc3 13. Bxc3 h6 14. h4 a5
15. f4 Qe7 16. Qg3 Rad8 17. Kb1 b5 18. Bxf6 Qxf6 19. Rd5 Nd4 20. Qd3 c5 21. e5
Qg6 22. e6 hxg5 23. f5 Qh6 24. c3 fxe6 25. fxe6 Nxe6 26. g3 Qh7 27. Rf5 Rf8 28.
g4 Rxf5 29. gxf5 Nf4 30. Qxb5 Qxf5+ 31. Ka1 g4 32. Qxa5 Rf8 33. Rg1 Ne2 34. Re1
Qf2 35. Rd1 g3 36. Qa6 g2 37. Qc4+ Kh8 0-1

[Event "Superbet CRO Blitz 2024"]
[Site "Zagreb CRO"]
[Date "2024.07.14"]
[Round "10.2"]
[White "Aronian, Levon"]
[Black "Gukesh, D"]
[Result "1-0"]
[WhiteTitle "GM"]
[BlackTitle "GM"]
[WhiteElo "2729"]
[BlackElo "2763"]
[WhiteFideId "13300474"]
[BlackFideId "46616543"]
[EventDate "2024.07.13"]

1. e4 c5 2. Nf3 Nc6 3. Bb5 Nf6 4. Nc3 Nd4 5. e5 Nxb5 6. Nxb5 Nd5 7. O-O a6 8. c4
Nb4 9. Nc3 d6 10. exd6 Qxd6 11. Ne4 Qd3 12. Nxc5 Qxc4 13. d4 Qc2 14. Qe1 Nd5 15.
Bd2 e6 16. Rc1 Qxb2 17. Qe5 f6 18. Qh5+ g6 19. Qh3 Bxc5 20. Rxc5 Kf7 21. Rfc1
Qb6 22. g4 Qd8 23. g5 e5 24. Qh4 b6 25. Rc6 e4 26. Rxf6+ Nxf6 27. Ne5+ Ke6 28.
Qh3+ Ke7 29. gxf6+ Kxf6 30. Rc6+ Ke7 31. Bb4+ 1-0

[Event "Superbet CRO Blitz 2024"]
[Site "Zagreb CRO"]
[Date "2024.07.14"]
[Round "10.3"]
[White "Giri, Anish"]
[Black "Vidit, Santosh Gujrathi"]
[Result "1/2-1/2"]
[WhiteTitle "GM"]
[BlackTitle "GM"]
[WhiteElo "2745"]
[BlackElo "2720"]
[WhiteFideId "24116068"]
[BlackFideId "5029465"]
[EventDate "2024.07.13"]

1. e4 e5 2. Nf3 Nc6 3. Bb5 Nf6 4. O-O Nxe4 5. Re1 Nd6 6. Nxe5 Be7 7. Bf1 Nxe5 8.
Rxe5 O-O 9. d4 Bf6 10. Re1 Re8 11. c3 Rxe1 12. Qxe1 Ne8 13. Bf4 d5 14. Bd3 g6
15. Nd2 Ng7 16. Qe2 c6 17. Re1 Bf5 18. Bxf5 Nxf5 19. Nf3 Ng7 20. Be5 Ne6 21.
Bxf6 Qxf6 22. Ne5 Re8 23. Ng4 Qd8 24. Qe5 Ng7 25. Qxe8+ Nxe8 26. Rxe8+ Qxe8 27.
Nf6+ Kf8 28. Nxe8 Kxe8 29. f4 f5 30. Kf2 Ke7 31. Ke2 Kd6 32. b4 b5 33. Kd2 Kd7
34. Ke2 Ke7 35. Kf2 Kf7 36. Ke2 Ke7 37. Kf2 Kf7 38. Ke2 Ke7 1/2-1/2

[Event "Superbet CRO Blitz 2024"]
[Site "Zagreb CRO"]
[Date "2024.07.14"]
[Round "10.4"]
[White "Vachier-Lagrave, Maxime"]
[Black "Saric, Ivan"]
[Result "1-0"]
[WhiteTitle "GM"]
[BlackTitle "GM"]
[WhiteElo "2718"]
[BlackElo "2690"]
[WhiteFideId "623539"]
[BlackFideId "14508150"]
[EventDate "2024.07.13"]

1. e4 c5 2. Nf3 d6 3. d4 cxd4 4. Nxd4 Nf6 5. Nc3 a6 6. Be2 e5 7. Nb3 Be7 8. O-O
O-O 9. Be3 Be6 10. Re1 Nbd7 11. a4 Qc7 12. a5 Rfc8 13. h3 h6 14. Bf3 b5 15. axb6
Nxb6 16. Na5 Rab8 17. Qd2 Nc4 18. Nxc4 Bxc4 19. Reb1 a5 20. Qe1 Bd8 21. Nd1 d5
22. exd5 Bxd5 23. Bxd5 Nxd5 24. c3 Qd6 25. Qe2 Bc7 26. c4 Nxe3 27. Nxe3 e4 28.
g3 Bb6 29. Rd1 Qe6 30. Nd5 Qxh3 31. Nxb6 Rxb6 32. Rxa5 Re8 33. Rh5 Rxb2 34. Qxb2
Qxh5 35. Re1 e3 36. Rxe3 Rxe3 37. fxe3 Qf3 38. Qb8+ Kh7 39. Qf4 Qd1+ 40. Kg2
Qc2+ 41. Kf3 f5 42. Qd4 Qc1 43. Kf4 Qf1+ 44. Ke5 Kg6 45. c5 Qf3 46. Qf4 Qh5 1-0

[Event "Superbet CRO Blitz 2024"]
[Site "Zagreb CRO"]
[Date "2024.07.14"]
[Round "10.5"]
[White "Firouzja, Alireza"]
[Black "So, Wesley"]
[Result "1-0"]
[WhiteTitle "GM"]
[BlackTitle "GM"]
[WhiteElo "2744"]
[BlackElo "2757"]
[WhiteFideId "12573981"]
[BlackFideId "5202213"]
[EventDate "2024.07.13"]

1. e4 e5 2. Nf3 Nc6 3. Bc4 Bc5 4. d3 Nf6 5. c3 d6 6. O-O a5 7. Re1 O-O 8. Bg5 h6
9. Bh4 g5 10. Bg3 Ba7 11. Na3 Bg4 12. Nc2 Bh5 13. a3 Re8 14. b4 Qd7 15. Bb5 Bg6
16. bxa5 Qc8 17. a6 Rd8 18. axb7 Qxb7 19. a4 Ne7 20. Bc4 c6 21. a5 Nh5 22. Ne3
Qc7 23. Ng4 Nxg3 24. hxg3 Kg7 25. Bb3 h5 26. Ngh2 f6 27. d4 c5 28. dxe5 dxe5 29.
Qe2 c4 30. Bxc4 Qc6 31. Nf1 Rac8 32. N3d2 g4 33. Rab1 Rc7 34. a6 Nc8 35. Bd5
Qxc3 36. Rb7 Nd6 37. Rxc7+ Qxc7 38. Ne3 Rb8 39. Nec4 Nb5 40. Qd3 Qc5 41. Ne3 Nd4
42. Qc4 Rb2 43. Qxc5 Bxc5 44. Ndc4 Rb4 45. Kh2 Be8 46. Rc1 Ba7 47. Nd6 Bd7 48.
Rc7 1-0

[Event "Superbet CRO Blitz 2024"]
[Site "Zagreb CRO"]
[Date "2024.07.14"]
[Round "11.1"]
[White "Vidit, Santosh Gujrathi"]
[Black "Aronian, Levon"]
[Result "1/2-1/2"]
[WhiteTitle "GM"]
[BlackTitle "GM"]
[WhiteElo "2720"]
[BlackElo "2729"]
[WhiteFideId "5029465"]
[BlackFideId "13300474"]
[EventDate "2024.07.13"]

1. e4 e6 2. d4 d5 3. Nc3 Nf6 4. e5 Nfd7 5. f4 c5 6. Nf3 Nc6 7. Be3 a6 8. Ne2 Qb6
9. Rb1 Be7 10. c3 f6 11. Bf2 O-O 12. a3 a5 13. Ng3 fxe5 14. fxe5 cxd4 15. cxd4
a4 16. Bd3 Qa5+ 17. Ke2 Rf7 18. h4 Nf8 19. h5 h6 20. Be3 Bd7 21. Rf1 Qb6 22. Rf2
Na5 23. Kf1 Bb5 24. Ne2 Bxd3 25. Qxd3 Nc4 26. Kg1 Nh7 27. Bc1 Raf8 28. b3 axb3
29. Qxb3 Qa5 30. Qc3 Ng5 31. Qxa5 Nxa5 32. Bxg5 Bxg5 33. Rff1 Be3+ 34. Kh2 Rf5
35. Ng3 Bf4 36. Kh3 Bxg3 37. Kxg3 Rxh5 38. Rb6 Nc6 39. Rfb1 Ra8 40. R1b3 Rf5 41.
Rxb7 Na5 42. Rb8+ Rf8 43. Rxa8 Rxa8 44. Rb6 Kf7 45. a4 Nc4 46. Rb7+ Kg6 47. Nh4+
Kh7 48. Rb4 Ra6 49. Nf3 Nb6 50. Nd2 Nxa4 51. Nb3 Nc3 52. Nc5 Rc6 53. Kf3 Kg6 54.
Rb3 Ne4 55. Nxe4 dxe4+ 56. Kxe4 Kf7 57. Rb7+ Kf8 58. g4 Ra6 59. Rd7 Rb6 60. Ra7
Rc6 61. Rb7 Ra6 62. Rc7 Rb6 63. Rd7 Ra6 64. Rb7 Rc6 65. Ra7 Rb6 66. Kd3 Rc6 67.
Rb7 Rc1 68. Rb6 Kf7 69. Rb7+ Kf8 70. Rb6 Kf7 71. Rb7+ Kf8 1/2-1/2

[Event "Superbet CRO Blitz 2024"]
[Site "Zagreb CRO"]
[Date "2024.07.14"]
[Round "11.2"]
[White "Saric, Ivan"]
[Black "Giri, Anish"]
[Result "1/2-1/2"]
[WhiteTitle "GM"]
[BlackTitle "GM"]
[WhiteElo "2690"]
[BlackElo "2745"]
[WhiteFideId "14508150"]
[BlackFideId "24116068"]
[EventDate "2024.07.13"]

1. e4 c5 2. Nf3 d6 3. d4 cxd4 4. Nxd4 Nf6 5. Nc3 a6 6. Be3 e5 7. Nb3 Be7 8. Rg1
h5 9. h3 Be6 10. g4 hxg4 11. hxg4 d5 12. exd5 Nxd5 13. Nxd5 Qxd5 14. Qxd5 Bxd5
15. O-O-O Bf3 16. Rd3 Nd7 17. Bd2 Be4 18. Re3 Bd5 19. Bd3 Bg5 20. Ree1 Bxd2+ 21.
Nxd2 O-O-O 22. g5 Kc7 23. Bc4 Bxc4 24. Nxc4 Rde8 25. Rg3 Re6 26. Rc3 Rc6 27.
Nxe5 Rxc3 28. bxc3 Re8 29. Nd3 Rxe1+ 30. Nxe1 Nc5 31. f4 Ne4 32. Kb2 Kd6 33. Nd3
Kd5 34. Kb3 f6 35. gxf6 gxf6 36. Kb4 b6 37. c4+ Kd4 38. a4 Nd6 39. a5 bxa5+ 40.
Kxa5 Nxc4+ 41. Kxa6 Ne3 42. Nb4 Ke4 43. Kb5 Kxf4 44. c4 Nxc4 45. Kxc4 Ke4 46.
Nd5 f5 47. Kc5 f4 48. Nxf4 1/2-1/2

[Event "Superbet CRO Blitz 2024"]
[Site "Zagreb CRO"]
[Date "2024.07.14"]
[Round "11.3"]
[White "Firouzja, Alireza"]
[Black "Nepomniachtchi, Ian"]
[Result "1-0"]
[WhiteTitle "GM"]
[BlackTitle "GM"]
[WhiteElo "2744"]
[BlackElo "2770"]
[WhiteFideId "12573981"]
[BlackFideId "4168119"]
[EventDate "2024.07.13"]

1. e4 c5 2. Nf3 d6 3. d4 cxd4 4. Nxd4 Nf6 5. Nc3 a6 6. h3 e5 7. Nb3 Be6 8. Be3
Be7 9. Qf3 O-O 10. O-O-O b5 11. Nd5 Nxd5 12. exd5 Bc8 13. Kb1 f5 14. Bd2 Nd7 15.
Na5 Nf6 16. Nc6 Qe8 17. c4 bxc4 18. Bxc4 Kh8 19. Bb4 Ne4 20. Qa3 a5 21. f3 Bd7
22. Be1 Nc5 23. Bf2 Bf6 24. Bxc5 dxc5 25. Qxc5 e4 26. Rhe1 Qg6 27. Re2 exf3 28.
gxf3 f4+ 29. Bd3 Qh5 30. Be4 a4 31. a3 Bxc6 32. Qxc6 Rab8 33. d6 Qe5 34. Rdd2
Rfc8 35. Qd5 Qc3 36. d7 Rd8 37. Rc2 Qb3 38. Qf5 Qg8 39. Bc6 Bxb2 40. Rxb2 Qc4
41. Re8+ Rxe8 42. dxe8=Q+ Rxe8 43. Bxe8 Qf1+ 44. Ka2 Qc4+ 45. Ka1 1-0

[Event "Superbet CRO Blitz 2024"]
[Site "Zagreb CRO"]
[Date "2024.07.14"]
[Round "11.4"]
[White "Gukesh, D"]
[Black "Caruana, Fabiano"]
[Result "0-1"]
[WhiteTitle "GM"]
[BlackTitle "GM"]
[WhiteElo "2763"]
[BlackElo "2796"]
[WhiteFideId "46616543"]
[BlackFideId "2020009"]
[EventDate "2024.07.13"]

1. e4 e5 2. Nf3 Nc6 3. g3 g6 4. Bg2 Bg7 5. O-O Nge7 6. c4 d6 7. h3 O-O 8. Nc3 h6
9. d3 f5 10. Nd5 a5 11. Rb1 g5 12. exf5 Bxf5 13. Be3 Nxd5 14. cxd5 Nb4 15. h4
Bg4 16. hxg5 hxg5 17. a3 Na6 18. Re1 Qf6 19. Bxg5 Qf5 20. Be7 Rf7 21. Re3 Bh6
22. Re4 Bxf3 23. Bxf3 Qxf3 24. Rg4+ Kh7 25. Qxf3 Rxf3 26. Kg2 Rf7 27. Bg5 Bxg5
28. Rxg5 Rf6 29. f4 exf4 30. gxf4 Rg6 31. Kf3 Rxg5 32. fxg5 Kg6 33. Kg4 Re8 34.
Rf1 Re5 35. Rf6+ Kg7 36. Re6 Rxd5 37. Kh5 Rxd3 38. Re7+ Kf8 39. Rd7 Ke8 40. Rg7
d5 41. g6 Rg3 42. Rh7 d4 43. Kh6 d3 44. Rf7 d2 45. Rf1 Nc5 46. Rd1 Nb3 47. g7
Kf7 48. Rf1+ Ke6 49. Kh7 Ke5 50. Rf3 Rg1 51. Rd3 Ke4 52. Rd8 Ke3 0-1

[Event "Superbet CRO Blitz 2024"]
[Site "Zagreb CRO"]
[Date "2024.07.14"]
[Round "11.5"]
[White "So, Wesley"]
[Black "Vachier-Lagrave, Maxime"]
[Result "1/2-1/2"]
[WhiteTitle "GM"]
[BlackTitle "GM"]
[WhiteElo "2757"]
[BlackElo "2718"]
[WhiteFideId "5202213"]
[BlackFideId "623539"]
[EventDate "2024.07.13"]

1. d4 Nf6 2. Bg5 e6 3. Nd2 c5 4. e3 b6 5. c3 Bb7 6. Ngf3 Be7 7. Bd3 d5 8. Ne5
Nfd7 9. Bxe7 Qxe7 10. f4 O-O 11. Qh5 Nf6 12. Qh4 Re8 13. g4 Nc6 14. g5 Nxe5 15.
fxe5 Ne4 16. Rg1 g6 17. Bxe4 dxe4 18. Nxe4 Bxe4 19. Qxe4 b5 20. O-O-O Rac8 21.
Kb1 cxd4 22. cxd4 Rc7 23. Rc1 Rxc1+ 24. Kxc1 Rc8+ 25. Kb1 a5 26. h4 a4 27. Qd3
Qb7 28. e4 Qc7 29. a3 Qc4 30. Rd1 Qxd3+ 31. Rxd3 Rc4 32. b3 axb3 33. Kb2 Kf8 34.
Rxb3 Rxd4 35. Rxb5 Rxe4 36. Kb3 Ke8 37. a4 Kd7 38. Rc5 Rxh4 39. a5 h6 40. gxh6
Rxh6 41. a6 Rh1 42. Kb4 Ra1 43. Kb5 g5 44. Kb6 g4 45. Rc3 Rb1+ 46. Ka5 Ra1+ 47.
Kb6 Rb1+ 48. Ka5 Ra1+ 49. Kb5 Rb1+ 50. Ka5 1/2-1/2

[Event "Superbet CRO Blitz 2024"]
[Site "Zagreb CRO"]
[Date "2024.07.14"]
[Round "12.1"]
[White "Giri, Anish"]
[Black "So, Wesley"]
[Result "0-1"]
[WhiteTitle "GM"]
[BlackTitle "GM"]
[WhiteElo "2745"]
[BlackElo "2757"]
[WhiteFideId "24116068"]
[BlackFideId "5202213"]
[EventDate "2024.07.13"]

1. c4 e5 2. d3 Nf6 3. Nf3 Nc6 4. a3 g6 5. Nc3 Bg7 6. g3 d5 7. cxd5 Nxd5 8. Nxd5
Qxd5 9. Bg2 O-O 10. O-O Qb5 11. Qc2 Re8 12. Be3 e4 13. dxe4 Qxb2 14. Qxb2 Bxb2
15. Ra2 Bc3 16. Rc2 Ba5 17. Nd4 Bd7 18. e5 Nxe5 19. Bxb7 Rab8 20. Bg2 Bb6 21. h3
c5 22. Nf3 Nxf3+ 23. Bxf3 Bxh3 24. Rfc1 Rxe3 25. fxe3 c4 26. Rxc4 Bxe3+ 27. Kh2
Be6 28. R1c2 Bxc4 29. Rxc4 Bb6 30. Bd5 Rd8 31. e4 Re8 32. g4 Kg7 33. Kg3 h6 34.
a4 Re7 35. Rc1 Bc7+ 36. Kf3 Kf6 37. Rb1 Bb6 38. Rb5 Rc7 39. a5 Rc3+ 40. Ke2 Bd4
41. Rb7 Kg5 42. Bxf7 Re3+ 43. Kd2 Rxe4 44. Kd3 Rxg4 45. Rb4 Rf4 46. Bb3 Bg1 47.
Rxf4 Kxf4 48. Bf7 g5 49. Bh5 g4 50. Ke2 Bc5 51. a6 Kg3 52. Kf1 Kh3 53. Bf7 g3
54. Bd5 h5 55. Be4 h4 56. Bd5 Kh2 0-1

[Event "Superbet CRO Blitz 2024"]
[Site "Zagreb CRO"]
[Date "2024.07.14"]
[Round "12.2"]
[White "Vachier-Lagrave, Maxime"]
[Black "Firouzja, Alireza"]
[Result "1-0"]
[WhiteTitle "GM"]
[BlackTitle "GM"]
[WhiteElo "2718"]
[BlackElo "2744"]
[WhiteFideId "623539"]
[BlackFideId "12573981"]
[EventDate "2024.07.13"]

1. e4 e5 2. Nf3 Nc6 3. Bb5 a6 4. Ba4 Nf6 5. O-O Be7 6. Re1 b5 7. Bb3 d6 8. c3
O-O 9. h3 Re8 10. d4 Bb7 11. a3 Bf8 12. Ba2 exd4 13. cxd4 Nxe4 14. Rxe4 Rxe4 15.
Ng5 d5 16. Nc3 Rxd4 17. Qh5 h6 18. Nxf7 Qe8 19. Nxd5 Rc4 20. Nxh6+ Kh8 21. Nf7+
Kg8 22. Nxc7 Qe1+ 23. Kh2 Qxf2 24. Bb1 Rc2 25. Bxc2 Qxc2 26. Qd5 Nd8 27. Nh6+
Kh7 28. Qf5+ Qxf5 29. Nxf5 Rc8 30. Bf4 g5 31. Bg3 Kg6 32. Rf1 Be4 33. Nd6 Bxd6
34. Bxd6 Nf7 35. Bg3 Nh6 36. Nxa6 Nf5 37. Re1 Bb7 38. Nb4 Rd8 39. Re6+ Kh5 40.
Be1 g4 41. Re5 Kg5 42. Rxb5 Be4 43. hxg4 Kxg4 44. Kg1 Ne3 45. Kf2 Nd1+ 46. Kf1
Nxb2 47. Re5 Bd3+ 48. Nxd3 Nxd3 49. Re4+ Kf5 50. Re3 Ne5 51. a4 Ng4 52. Ra3 Ke4
53. Ke2 Ne5 54. a5 Rg8 55. g3 Nc4 56. Ra4 Kd5 57. a6 Re8+ 58. Kf1 Nb2 59. Ra1
Kc6 60. Bf2 Nd3 61. Ra3 Ne5 62. Kg2 Nc4 63. Rc3 Kd5 64. a7 Ra8 65. Rb3 1-0

[Event "Superbet CRO Blitz 2024"]
[Site "Zagreb CRO"]
[Date "2024.07.14"]
[Round "12.3"]
[White "Aronian, Levon"]
[Black "Saric, Ivan"]
[Result "0-1"]
[WhiteTitle "GM"]
[BlackTitle "GM"]
[WhiteElo "2729"]
[BlackElo "2690"]
[WhiteFideId "13300474"]
[BlackFideId "14508150"]
[EventDate "2024.07.13"]

1. e4 c5 2. Nf3 d6 3. c3 Nf6 4. Be2 g6 5. O-O Bg7 6. d3 O-O 7. Be3 Nc6 8. Nbd2
e5 9. a3 Ne8 10. b4 f5 11. exf5 gxf5 12. Bg5 Qc7 13. bxc5 dxc5 14. Re1 Nd6 15.
Nf1 h6 16. Bh4 e4 17. N3d2 Be6 18. Ng3 Bxc3 19. Rc1 Bd4 20. Bh5 Ne5 21. Ne2 Bb2
22. Nf4 Bf7 23. Bxf7+ Qxf7 24. Rxc5 Nxd3 25. Nxd3 exd3 26. Qf3 Ne4 27. Nxe4 fxe4
28. Qg4+ Kh8 29. Rxe4 d2 30. Qd1 Rad8 31. Re2 Qb3 0-1